000 00376nam a2200145Ia 4500
005 20250423095445.0
008 250422s9999 xx 000 0 und d
020 _a978-978-902-505-3
100 _aOkafor, M. C.
245 0 _aFundamentals of international finance : with questions and answers
260 _bYogi Ventures
260 _c2009
300 _a169 p
942 _cBK
999 _c30332
_d30332